<?xml version="1.0" encoding="UTF-8"?>
<collection xmlns="http://www.loc.gov/MARC21/slim">
 <record>
  <leader>01119pamaa2200181   4500</leader>
  <controlfield tag="001">0000039835</controlfield>
  <controlfield tag="005">20100616090000.0</controlfield>
  <datafield tag="020" ind1="0" ind2="0">
   <subfield code="a">9781403151032 (pbk.) </subfield>
  </datafield>
  <datafield tag="090" ind1="0" ind2="0">
   <subfield code="a">BP605.S2 </subfield>
   <subfield code="b">HUB 2007</subfield>
  </datafield>
  <datafield tag="100" ind1="1" ind2="0">
   <subfield code="a">Hubbard </subfield>
  </datafield>
  <datafield tag="240" ind1="0" ind2="0">
   <subfield code="a">Dianetik : tesis orisinal</subfield>
  </datafield>
  <datafield tag="245" ind1="1" ind2="0">
   <subfield code="a">Dianetics : </subfield>
   <subfield code="b">the original thesis  </subfield>
   <subfield code="c">L. Ron Hubbard.</subfield>
  </datafield>
  <datafield tag="260" ind1="0" ind2="0">
   <subfield code="a">California: </subfield>
   <subfield code="b">Bridge Publication, </subfield>
   <subfield code="c">2007.</subfield>
  </datafield>
  <datafield tag="300" ind1=" " ind2=" ">
   <subfield code="a">viii, 291p: </subfield>
   <subfield code="b">ill.; </subfield>
   <subfield code="c">24 cm.</subfield>
  </datafield>
  <datafield tag="500" ind1="0" ind2="0">
   <subfield code="a">Includes 3 CD-ROM with title &quot;Dianetics  ; the original thesis / L. Ron Hubbard&quot;</subfield>
  </datafield>
  <datafield tag="505" ind1="0" ind2="0">
   <subfield code="a">Presents the author's original description of dianetics, a set of ideas and practices that he developed regarding the relationship of the spirit, mind, and body. Introduction -- Primary axioms -- An analogy of the mind -- The dynamics -- The basic individual -- Engrams -- Aberrations -- The tone scale -- The character of engrams -- The auditor's code -- Auditing -- Diagnosis -- Exhaustion of engrams -- The analyzer -- The analyzer (cont) -- The clear -- Engram chains -- Dramatization -- Prenatal, birth and infant engrams -- The &quot;laws&quot; of returning</subfield>
  </datafield>
  <datafield tag="650" ind1="0" ind2="0">
   <subfield code="a">Dianetics </subfield>
  </datafield>
  <datafield tag="901" ind1=" " ind2=" ">
   <subfield code="u">www.dianetics.com</subfield>
  </datafield>
 </record>
</collection>
